Introduction to: Expert System (Record no. 239)

MARC details
000 -LEADER
fixed length control field 00455nam a22001817a 4500
005 - DATE AND TIME OF LATEST TRANSACTION
control field 20180208124850.0
008 - FIXED-LENGTH DATA ELEMENTS--GENERAL INFORMATION
fixed length control field 160429b xxu||||| |||| 00| 0 eng d
020 ## - INTERNATIONAL STANDARD BOOK NUMBER
ISBN 81-7808499-6
041 ## - LANGUAGE CODE
Language code of text/sound track or separate title eng
082 ## - DEWEY DECIMAL CLASSIFICATION NUMBER
Item number 00766
Classification number 006.33
100 ## - MAIN ENTRY--AUTHOR NAME
Personal name Jackson, Peter
245 ## - TITLE STATEMENT
Title Introduction to: Expert System
250 ## - EDITION STATEMENT
Edition statement 3RD ED.
260 ## - PUBLICATION, DISTRIBUTION, ETC. (IMPRINT)
Place of publication New Delhi
Name of publisher Pearson Education,
Year of publication 2003
300 ## - PHYSICAL DESCRIPTION
Number of Pages 542
650 ## - SUBJECT ADDED ENTRY--TOPICAL TERM
Topical Term Information Technology
942 ## - ADDED ENTRY ELEMENTS (KOHA)
Koha item type Books
Holdings
Lost status Damaged status Home library Shelving location Date acquired Full call number Accession Number Koha item type Collection code Current library
    JRU Library SHELF-5-D 29/04/2016 00766 00766 Books    
    JRU Library SHELF-75-M 29/04/2016 00766 00767 Books CS/IT JRU Library